| 000 | 00498nam a2200169Ia 4500 | ||
|---|---|---|---|
| 008 | 230917s9999||||xx |||||||||||||| ||und|| | ||
| 020 | _cRS750 | ||
| 040 |
_e243587 _aMAIN |
||
| 041 | _aEnglish | ||
| 082 | _a660.60243637 R517E | ||
| 100 | _aRittmann, Bruce E | ||
| 245 | 0 | _aEnvironmental biotechnology: Principles and applications | |
| 260 |
_aChennai _bMcGraw Hill Education (India) _c2017 |
||
| 300 | _axiv, 754 p. | ||
| 500 | _a2943 27/11/2017 HBD17/7108 05/12/2017 UIET (SFS) | ||
| 942 | _cBK | ||
| 999 |
_c24673 _d24673 |
||